00618nam a2200217Ia 4500003000900000008004100009040001300050040001300063041000800076100001500084245003100099250001000130260002100140260000900161300000800170490001400178490000600192942000700198999001300205952018200218IT-RoPAU120407s9999 xx 000 0 und d aIT-RoPAU cIT-RoPAU aita aRhaudenses aIl Rosario delle religiose aAlba  aEdizioni Paoline c1961 c cm aAlere III v1 cBK c197d197 00102ddc406248_13700000000000071aPAULUSbPAULUSd2012-04-11l0o248.137r2012-04-11 00:00:00w2012-04-11yBKzInserito da: In data: n.d. fondo: Via A.Severo 56 Progr:14248